Společenské a hospodářské složky krajiny : zeměpis pro 8. a 9. ročník základní školy a nižší ročníky víceletých gymnázií /

Hlavní autor: Mirvald, Stanislav, 1940-2002
Další autoři: Štulc, Miloslav
Jazyk: Čeština
Vydáno: Praha : Fortuna, 2001
Vydání: 2., upr. vyd.
Témata:
Fyzický popis: 151 s., [16] s. barev. obr. příl. : il. ; 21 cm
Knihy
Uloženo v:
LEADER 01511nam a2200373 a 4500
001 000590224
003 CZ BrMZK
005 20060301085016.0
007 ta
008 020314s2001 xr c p cze d
015 |a cnb001173520 
020 |a 80-7168-770-7 
035 |a (OCoLC)432994225 
040 |a BOA001  |b cze 
072 7 |a 911  |x Obecná geografie. Systematická geografie  |2 Konspekt  |9 7 
072 7 |a 37.016  |x Učební osnovy. Vyučovací předměty. Učebnice  |2 Konspekt  |9 22 
080 |a 37.016:91  |2 MRF 
080 |a 911.3:33  |2 MRF 
080 |a (075.2)  |2 MRF 
080 |a (075.3)  |2 MRF 
100 1 |a Mirvald, Stanislav,  |d 1940-2002  |7 jn20001227443  |4 aut 
245 1 0 |a Společenské a hospodářské složky krajiny :  |b zeměpis pro 8. a 9. ročník základní školy a nižší ročníky víceletých gymnázií /  |c Stanislav Mirvald, Miloslav Štulc 
250 |a 2., upr. vyd. 
260 |a Praha :  |b Fortuna,  |c 2001 
300 |a 151 s., [16] s. barev. obr. příl. :  |b il. ;  |c 21 cm 
500 |a Učebnice zpracovaná podle osnov vzdělávacího programu Základní škola 
650 0 7 |a zeměpis  |7 ph116771  |2 czenas 
650 0 7 |a ekonomická geografie  |7 ph114700  |2 czenas 
655 7 |a učebnice základních škol  |7 fd133773  |2 czenas 
655 7 |a učebnice středních škol  |7 fd133771  |2 czenas 
700 1 |a Štulc, Miloslav  |7 jx20050707042  |4 aut 
910 |a BOA001  |b 2-1095.937 
990 |a BK 
996 6 |b 2610156025  |c 2-1095.937  |l MZK  |r Sklad / do 1 hodiny  |n 0  |p p.v.  |w 000590224  |u 000010  |a 1  |e BOA001  |j MZK50  |s P